Convergence problems of orthogonal series
Αποθηκεύτηκε σε:
| Κύριος συγγραφέας: | |
|---|---|
| Μορφή: | Βιβλίο |
| Γλώσσα: | English Hungarian |
| Δημοσίευση: |
Oxford ; New York :
Pergamon Press,
c1961.
|
| Σειρά: | International series of monographs in pure and applied mathematics ;
20 |
| Θέματα: | |
| Ετικέτες: |
Προσθήκη ετικέτας
Δεν υπάρχουν, Καταχωρήστε ετικέτα πρώτοι!
|
MARC
| LEADER | 00000nam a2200000 a 4500 | ||
|---|---|---|---|
| 001 | 1/126901 | ||
| 008 | 230621r1961####enk| ||| |||| ||eng|| | ||
| 040 | |a GR-MyUa |b gre |c GR-MyUa |e AACR2 | ||
| 041 | 1 | |a eng |h hun | |
| 082 | 7 | |a 517.35 |2 (23) | |
| 100 | 1 | |a Alexits, György, |d 1899-1978. | |
| 245 | 1 | 0 | |a Convergence problems of orthogonal series / |c by prof. G. Alexits. |
| 260 | |a Oxford ; |a New York : |b Pergamon Press, |c c1961. | ||
| 300 | |a 350 σ. |c 22 εκ. | ||
| 490 | 1 | |a (International series of monographs in pure and applied mathematics ; |v 20) | |
| 504 | |a Βιβλιογραφία: σ. 339-347. Περιέχει ευρετήριο. | ||
| 650 | 0 | |a Convergence. | |
| 650 | 0 | |a Series, Orthogonal. | |
| 830 | 0 | |a International series of monographs in pure and applied mathematics ; |v 20 | |
| 852 | |a INST |b SAMOS |e 20230620 |h 517.35 ALE |p 005300047896 |q 005300047896 |t BK |y 0 | ||
| 970 | |a Φιλιππή |b Φάλη |z 21/06/2023 | ||